000 00570nam a2200205 i 4500
001 16388
003 ES-MaACL
005 20230906151316.0
007 t|
008 000906s1998 sp |||| | spa d
020 _a84-7151-780-9
080 _a224
100 1 _aSicre, José Luis.
_9106198
245 1 0 _aProfetismo en Israel
_b: el profeta, los profetas, el mensaje /
_cJosé Luis Sicre.
250 _a4ª ed.
260 _aEstella :
_bVerbo Divino,
_c1998.
300 _a572 p. ;
_c25 cm.
650 1 4 _aProfecías bíblicas.
_916453
852 _aES-MaACL
_jL-23461
999 _c16388
_d16388